A postglacial chronology for some alluvial valleys in Wyoming / (Record no. 28896)
[ view plain ]
| 000 -LEADER | |
|---|---|
| fixed length control field | 01050cam a22003131a 4500 |
| 001 - CONTROL NUMBER | |
| control field | gs 54000267 |
| 003 - CONTROL NUMBER IDENTIFIER | |
| control field | DLC |
| 005 - DATE AND TIME OF LATEST TRANSACTION | |
| control field | 20260227111402.0 |
| 008 - FIXED-LENGTH DATA ELEMENTS--GENERAL INFORMATION | |
| fixed length control field | 790801s1954 dcuab b f001 0 eng c |
| 010 ## - LIBRARY OF CONGRESS CONTROL NUMBER | |
| LC control number | gs 54000267 |
| 035 ## - SYSTEM CONTROL NUMBER | |
| System control number | (OCoLC)5231529 |
| 040 ## - CATALOGING SOURCE | |
| Original cataloging agency | U.S. Geol. Survey. Libr. |
| Transcribing agency | OCl |
| Modifying agency | DNAL |
| -- | DLC |
| 043 ## - GEOGRAPHIC AREA CODE | |
| Geographic area code | n-us-wy |
| 050 00 - LIBRARY OF CONGRESS CALL NUMBER | |
| Classification number | TC801 |
| Item number | .U2 no. 1261 |
| 051 ## - LIBRARY OF CONGRESS COPY, ISSUE, OFFPRINT STATEMENT | |
| Classification number | QE699 |
| Item number | .L4 |
| 070 0# - NATIONAL AGRICULTURAL LIBRARY CALL NUMBER | |
| Classification number | 407 |
| Item number | G29W no.1261 |
| 082 ## - DEWEY DECIMAL CLASSIFICATION NUMBER | |
| Classification number | 551.79 |
| -- | 551.78* |
| 100 1# - MAIN ENTRY--PERSONAL NAME | |
| Personal name | Leopold, Luna B. |
| Fuller form of name | (Luna Bergere), |
| Dates associated with a name | 1915-2006. |
| 245 12 - TITLE STATEMENT | |
| Title | A postglacial chronology for some alluvial valleys in Wyoming / |
| Statement of responsibility, etc. | by Luna B. Leopold and John P. Miller. |
| 260 ## - PUBLICATION, DISTRIBUTION, ETC. | |
| Place of publication, distribution, etc. | Washington, D.C. : |
| Name of publisher, distributor, etc. | U.S. G.P.O., |
| Date of publication, distribution, etc. | 1954. |
| 300 ## - PHYSICAL DESCRIPTION | |
| Extent | vi, 90 p. : |
| Other physical details | ill., maps ; |
| Dimensions | 24 cm. |
| 440 #0 - SERIES STATEMENT/ADDED ENTRY--TITLE | |
| Title | Geological Survey water-supply paper ; |
| Volume/sequential designation | 1261 |
| 504 ## - BIBLIOGRAPHY, ETC. NOTE | |
| Bibliography, etc. note | Bibliography: p. 86-87. |
| 500 ## - GENERAL NOTE | |
| General note | Includes index. |
| 650 #0 - SUBJECT ADDED ENTRY--TOPICAL TERM | |
| Topical term or geographic name entry element | Geology |
| Geographic subdivision | Wyoming. |
| 650 #0 - SUBJECT ADDED ENTRY--TOPICAL TERM | |
| Topical term or geographic name entry element | Geology, Stratigraphic |
| Chronological subdivision | Quaternary. |
| 650 #0 - SUBJECT ADDED ENTRY--TOPICAL TERM | |
| Topical term or geographic name entry element | Erosion |
| Geographic subdivision | Wyoming. |
| 700 1# - ADDED ENTRY--PERSONAL NAME | |
| Personal name | Miller, John P. |
| Fuller form of name | (John Preston), |
| Dates associated with a name | 1923-1961. |
No items available.